00370nam a2200109Ia 4500008004100000041000800041100001800049245010200067260005400169300000800223700002900231250110s9999 xx 000 0 und d aeng aPopat Nirali. aEnvironmental Performance Evaluation For Textile Dyeing Industry In Solapur With A Case Of Water. bBnca M Arch Environment Architecture., Punec2018 a49p aGuide Name: Nawale Rahul